Państwa położone bardziej na północ od Polski - Statystyki

Ogólne statystyki
  • Ten quiz został rozwiązany 243 razy
  • Średni wynik to 15 z 16
Statystyki odpowiedzi
Szerokość geograficzna Państwo % Poprawnych
83°40′ N Dania (Grenlandia)
100%
56°27′ N Litwa
99%
80°49′ N Norwegia (Svalbard)
99%
81°51′ N Rosja
99%
69°04′ N Szwecja
99%
59°48′ N Estonia
98%
58°05′ N Łotwa
98%
70°05′ N Finlandia
97%
83°06′ N Kanada
97%
67°08′ N Islandia
96%
71°23′ N Stany Zjednoczone
96%
60°51′ N Wielka Brytania
95%
55°26′ N Irlandia
92%
55°03′ N Niemcy
89%
56°08′ N Białoruś
80%
55°43′ N Kazachstan
72%
Nie znaleziono quizów pasujących do podanych kryteriów
Rozkład punktacji
Procent ludzi z każdym wynikiem
Percentyl według liczby udzielonych odpowiedzi
Twoja historia wyników
Nie rozwiązałeś tego quizu